[Event "Prva liga Centralne Srbije 2010"]
[Site "Valjevo"]
[Date "2010.09.25"]
[Round "10.1"]
[White "Szabo, Gergely-Andras-Gyula"]
[Black "Iotov, Valentin"]
[Result "1/2-1/2"]
[WhiteElo "2552"]
[BlackElo "2588"]
[PlyCount "89"]
[EventDate "2010.09.18"]

1. d4 Nf6 2. c4 e6 3. g3 d5 4. Nf3 dxc4 5. Bg2 Bb4+ 6. Bd2 a5 7. Qc2 Bxd2+ 8.
Qxd2 b5 9. a4 c6 10. Na3 Bd7 11. Ne5 Nd5 12. O-O O-O 13. e4 Nb4 14. Rfd1 Be8
15. d5 Qb6 16. dxe6 fxe6 17. Bh3 N8a6 18. Bxe6+ Kh8 19. Bf5 Nc5 20. Qd6 Bh5 21.
axb5 Rad8 22. Qe7 Ncd3 23. Rf1 Rde8 24. Nexc4 Qxf2+ 25. Rxf2 Rxe7 26. Rd2 g6
27. Bh3 cxb5 28. Nd6 Nc5 29. Rf1 Rxf1+ 30. Bxf1 Nxe4 31. Nxe4 Rxe4 32. Nxb5 Bg4
33. Nd6 Re6 34. h3 Bf5 35. Nxf5 gxf5 36. Rd7 Re3 37. Kf2 Rb3 38. Rd2 Nc6 39.
Bc4 Rb4 40. Bd5 Ne7 41. Bf3 Kg7 42. Bd1 a4 43. Ke3 Ng6 44. Rd4 Rxb2 45. Rxa4
1/2-1/2

[Event "Prva liga Centralne Srbije 2010"]
[Site "Valjevo"]
[Date "2010.09.25"]
[Round "10.1"]
[White "Nestorovic, Nikola"]
[Black "Boskovic, Drasko"]
[Result "1/2-1/2"]
[WhiteElo "2420"]
[BlackElo "2417"]
[PlyCount "72"]
[EventDate "2010.09.18"]

1. e4 c5 2. Nf3 Nc6 3. d4 cxd4 4. Nxd4 g6 5. c4 Nf6 6. Nc3 Nxd4 7. Qxd4 d6 8.
Be3 Bg7 9. Be2 O-O 10. Qd2 a5 11. O-O a4 12. f3 Qa5 13. Rab1 Be6 14. Rfc1 Rfc8
15. b4 axb3 16. axb3 Qb4 17. Qe1 Ra3 18. Nb5 Qxe1+ 19. Rxe1 Ra2 20. Nc3 Ra3 21.
Nb5 Ra5 22. Bf1 Nd7 23. b4 Ra2 24. Rec1 Ne5 25. c5 dxc5 26. bxc5 Nc6 27. Bf2
Be5 28. Nc3 Bxh2+ 29. Kxh2 Rxf2 30. Ne2 Na5 31. Kg1 Rxf1+ 32. Kxf1 Nb3 33. Rc2
Bc4 34. Kf2 Bd3 35. Rxb3 Bxc2 36. Rxb7 Rxc5 1/2-1/2

[Event "Prva liga Centralne Srbije 2010"]
[Site "Valjevo"]
[Date "2010.09.25"]
[Round "10.1"]
[White "Stankovic, Milos"]
[Black "Todorovic, Jovan"]
[Result "1/2-1/2"]
[WhiteElo "2315"]
[BlackElo "2417"]
[PlyCount "29"]
[EventDate "2010.09.18"]

1. e4 c5 2. Nf3 d6 3. d4 cxd4 4. Nxd4 Nf6 5. Nc3 Nc6 6. Bg5 e6 7. Qd2 Be7 8.
O-O-O Qb6 9. Nb3 O-O 10. f3 Rd8 11. Be3 Qc7 12. Qf2 d5 13. exd5 Nxd5 14. Nxd5
Rxd5 15. Bc4 1/2-1/2

[Event "Prva liga Centralne Srbije 2010"]
[Site "Valjevo"]
[Date "2010.09.25"]
[Round "10.1"]
[White "Stamenkovic, Dragan"]
[Black "Krstic, Petar"]
[Result "0-1"]
[WhiteElo "2370"]
[BlackElo "2347"]
[PlyCount "90"]
[EventDate "2010.09.18"]

1. d4 Nf6 2. Bg5 e6 3. e4 h6 4. Bxf6 Qxf6 5. Nc3 d6 6. Qd2 Nd7 7. O-O-O c6 8.
f4 e5 9. dxe5 dxe5 10. f5 Qg5 11. Nf3 Qxd2+ 12. Kxd2 Bd6 13. g4 b5 14. Bd3 Bb7
15. Ke2 Ke7 16. h4 a6 17. g5 c5 18. Nd5+ Bxd5 19. exd5 c4 20. Be4 Nc5 21. Ke3
Na4 22. Rb1 Bc5+ 23. Kd2 Kd6 24. c3 Bb6 25. b3 cxb3 26. axb3 Nc5 27. Bc2 e4 28.
Nd4 Kxd5 29. Rhe1 hxg5 30. b4 Nd3 31. Bb3+ Ke5 32. Nc6+ Kf4 33. Rf1+ Nf2 34.
hxg5 Rac8 35. Ne7 Rhd8+ 36. Ke2 Rxc3 37. Rxf2+ Bxf2 38. Kxf2 Rf3+ 39. Ke2 Rh8
40. f6 Rh2+ 41. Ke1 gxf6 42. Bd1 Rh1+ 43. Ke2 fxg5 44. Rc1 Re3+ 45. Kf2 Rd3 0-1

[Event "Prva liga Centralne Srbije 2010"]
[Site "Valjevo"]
[Date "2010.09.25"]
[Round "10.1"]
[White "Misailovic, Nebojsa"]
[Black "Mihic, Bojan"]
[Result "0-1"]
[WhiteElo "2303"]
[BlackElo "2413"]
[PlyCount "106"]
[EventDate "2010.09.18"]

1. e4 e6 2. d4 d5 3. Nc3 Bb4 4. Qg4 Nf6 5. Qxg7 Rg8 6. Qh6 c5 7. a3 Rg6 8. Qh4
Qa5 9. Nge2 cxd4 10. axb4 Qxa1 11. Nb5 dxe4 12. Qf4 Nd5 13. Qxe4 Nc6 14. Nbxd4
Ndxb4 15. Nb5 Kf8 16. f3 Qa5 17. c3 Na2 18. Nf4 Nxc1 19. Nxg6+ hxg6 20. Qc2 a6
21. Na3 Na2 22. Bc4 Nxc3 23. Qxc3 Qxc3+ 24. bxc3 b5 25. Be2 Bb7 26. Kd2 Ke7 27.
h4 Rh8 28. g3 Ne5 29. Rf1 Rd8+ 30. Ke3 Rc8 31. Kd2 Bd5 32. f4 Nc4+ 33. Bxc4
Bxc4 34. Nxc4 Rxc4 35. Ra1 Rc6 36. Kd3 Kf6 37. Rh1 Kf5 38. h5 gxh5 39. Rxh5+
Kg4 40. Rg5+ Kf3 41. Rg7 Rc7 42. Rg5 Rb7 43. Kc2 a5 44. Kb3 f5 45. Rg6 b4 46.
cxb4 Rxb4+ 47. Kc3 Rb6 48. Kc4 a4 49. Rg8 Ra6 50. Kb5 a3 51. Kxa6 a2 52. Kb5
a1=Q 53. Kc6 Qe1 0-1

[Event "Prva liga Centralne Srbije 2010"]
[Site "Valjevo"]
[Date "2010.09.25"]
[Round "10.1"]
[White "Jesic, Dusan"]
[Black "Civric, Zdravko"]
[Result "1-0"]
[WhiteElo "2363"]
[BlackElo "2204"]
[PlyCount "124"]
[EventDate "2010.09.18"]

1. e4 c5 2. Nf3 Nc6 3. d4 cxd4 4. Nxd4 e5 5. Nb5 d6 6. c4 Be7 7. Be2 Be6 8. O-O
Nf6 9. N1c3 a6 10. Na3 h6 11. Be3 O-O 12. f3 Rc8 13. Nd5 Bxd5 14. cxd5 Nd4 15.
Bxd4 exd4 16. Qxd4 b5 17. f4 Re8 18. Kh1 Nd7 19. Bg4 Bf6 20. e5 dxe5 21. Qa7 b4
22. Qxd7 Rc7 23. Qxd8 Rxd8 24. fxe5 Bxe5 25. Rae1 Bxb2 26. d6 Rxd6 27. Nc2 a5
28. Re8+ Kh7 29. Ra8 g6 30. Ne3 Rd3 31. Nd1 Ba3 32. Rxa5 Rd2 33. Rf2 Rxf2 34.
Nxf2 Rc2 35. Nd1 Rxa2 36. Rb5 Kg7 37. Rb7 Kf6 38. Bf3 Rd2 39. Kg1 Ke6 40. Kf1
f5 41. Ne3 Rd6 42. Nc2 g5 43. Nxb4 Bxb4 44. Rxb4 g4 45. Be2 h5 46. Ra4 Ke5 47.
Ra6 Rxa6 48. Bxa6 h4 49. Bc8 Kf4 50. Kf2 Ke4 51. Bb7+ Kd4 52. Bc6 Kd3 53. g3
Kd4 54. Ke2 f4 55. gxf4 Kc5 56. Bd7 Kd4 57. f5 Ke5 58. Ke3 Kd6 59. Bc8 Ke5 60.
Be6 Kd6 61. Bc4 Ke5 62. Bd3 h3 1-0

[Event "Prva liga Centralne Srbije 2010"]
[Site "Valjevo"]
[Date "2010.09.25"]
[Round "10.2"]
[White "Djukic, Zeljko"]
[Black "Dancevski, Orce"]
[Result "1/2-1/2"]
[WhiteElo "2382"]
[BlackElo "2402"]
[PlyCount "36"]
[EventDate "2010.09.18"]

1. d4 Nf6 2. Nf3 g6 3. Bf4 d6 4. h3 Bg7 5. e3 O-O 6. Bc4 c5 7. c3 Nbd7 8. O-O
Qc7 9. Nbd2 b6 10. Bh2 Bb7 11. b4 Rac8 12. a4 a6 13. Qb3 cxd4 14. cxd4 Bxf3 15.
gxf3 Nb8 16. Kg2 Qb7 17. Rfc1 d5 18. Bd3 Nfd7 1/2-1/2

[Event "Prva liga Centralne Srbije 2010"]
[Site "Valjevo"]
[Date "2010.09.25"]
[Round "10.2"]
[White "Dudukovic, Nikola"]
[Black "Andonov, Bogomil"]
[Result "0-1"]
[WhiteElo "2237"]
[BlackElo "2304"]
[PlyCount "86"]
[EventDate "2010.09.18"]

1. e4 c5 2. Nf3 Nc6 3. d4 cxd4 4. Nxd4 Qc7 5. Nc3 e6 6. Be2 Nf6 7. O-O Be7 8.
Be3 d6 9. Kh1 a6 10. f4 O-O 11. Nb3 b5 12. a3 Bb7 13. Bf3 Nd7 14. Qe1 Nb6 15.
Rd1 Nc4 16. Bc1 Bf6 17. Qg3 Bxc3 18. bxc3 e5 19. fxe5 N6xe5 20. Nd4 Kh8 21. Nf5
f6 22. h4 Rad8 23. h5 Nxf3 24. gxf3 Bc8 25. Nh4 Rf7 26. Ng6+ Kg8 27. Nf4 f5 28.
Nd5 Qa7 29. h6 fxe4 30. hxg7 Qd7 31. Bg5 e3 32. Bxd8 Qxd8 33. Nxe3 Nxe3 34.
Rxd6 Qe7 35. Rc6 Qd7 36. Rxc8+ Qxc8 37. Re1 Rxg7 38. Qh2 Nd5 39. Qh4 Nf6 40.
Rd1 Rg6 41. Rd2 Qxc3 42. Rd8+ Kf7 43. Rd3 Qa1+ 0-1

[Event "Prva liga Centralne Srbije 2010"]
[Site "Valjevo"]
[Date "2010.09.25"]
[Round "10.2"]
[White "Mitrovic, Darko R"]
[Black "Djokic, Nebojsa"]
[Result "0-1"]
[WhiteElo "2342"]
[BlackElo "2198"]
[PlyCount "88"]
[EventDate "2010.09.18"]

1. e4 c5 2. Nf3 Nc6 3. d4 cxd4 4. Nxd4 Nf6 5. Nc3 e5 6. Ndb5 d6 7. Bg5 a6 8.
Na3 b5 9. Bxf6 gxf6 10. Nd5 f5 11. Bd3 Be6 12. c3 Bg7 13. Qh5 O-O 14. exf5 Bxd5
15. f6 e4 16. fxg7 Re8 17. Bxb5 Re5 18. Qe2 axb5 19. Nxb5 Rxa2 20. O-O Na5 21.
Nd4 Rxa1 22. Rxa1 Nb3 23. Ra7 Nxd4 24. cxd4 Qb6 25. dxe5 Qxa7 26. exd6 Qa1+ 27.
Qf1 Qxf1+ 28. Kxf1 Bc6 29. Ke2 Kxg7 30. Ke3 Kf6 31. Kd4 Ke6 32. Kc5 Kd7 33. g3
Ba8 34. b4 f5 35. b5 h5 36. Kb6 Kxd6 37. Ka7 Bd5 38. b6 Ke5 39. b7 Bxb7 40.
Kxb7 Kd4 41. Kc6 Kd3 42. Kd5 Ke2 43. Ke5 Kxf2 44. Kxf5 e3 0-1

[Event "Prva liga Centralne Srbije 2010"]
[Site "Valjevo"]
[Date "2010.09.25"]
[Round "10.2"]
[White "Zivanovic, Nenad"]
[Black "Djokic, Vladan"]
[Result "0-1"]
[WhiteElo "2187"]
[BlackElo "2279"]
[PlyCount "74"]
[EventDate "2010.09.18"]

1. e4 c5 2. Nc3 Nc6 3. g3 g6 4. Bg2 Bg7 5. d3 Rb8 6. a4 a6 7. Be3 Nd4 8. a5 d6
9. Qd2 Nf6 10. h3 O-O 11. Nd1 Ne8 12. Ne2 Nc7 13. Nxd4 cxd4 14. Bh6 e5 15. Bxg7
Kxg7 16. f4 f5 17. O-O fxe4 18. dxe4 Bd7 19. Kh2 Qe7 20. Ra3 Bb5 21. Rf2 Bc6
22. f5 gxf5 23. exf5 Kh8 24. Rb3 d5 25. g4 Nb5 26. g5 e4 27. Qf4 Qd6 28. f6 Be8
29. Qxd6 Nxd6 30. Bf1 Bg6 31. Rg2 Rfc8 32. c3 d3 33. Kg3 Rc5 34. Ne3 Rxa5 35.
Kf4 Ra1 36. Rf2 Re1 37. Nxd5 Nc4 0-1

[Event "Prva liga Centralne Srbije 2010"]
[Site "Valjevo"]
[Date "2010.09.25"]
[Round "10.2"]
[White "Madjar, Stanislav"]
[Black "Stankovic, Dejan"]
[Result "0-1"]
[WhiteElo "2145"]
[BlackElo "2240"]
[PlyCount "154"]
[EventDate "2010.09.18"]

1. c4 Nf6 2. Nc3 c6 3. e4 e5 4. Nf3 d6 5. d4 Bg4 6. Be2 Nbd7 7. Be3 Be7 8. O-O
O-O 9. Nd2 Bxe2 10. Qxe2 Re8 11. Rfd1 h6 12. Nb3 Qc7 13. Rac1 Nh7 14. Rc2 Ndf8
15. Rcd2 Bg5 16. dxe5 dxe5 17. Nc5 Nf6 18. Rd6 b6 19. Na6 Qb7 20. Nb4 Rac8 21.
Bxg5 hxg5 22. Qe3 Ne6 23. Nc2 Qe7 24. R6d2 Red8 25. h3 Rxd2 26. Rxd2 Rd8 27. b4
Rxd2 28. Qxd2 Nf4 29. a3 g4 30. h4 g5 31. hxg5 N6h5 32. g3 Nh3+ 33. Kf1 Nxg5
34. Ne3 Nf3 35. Qd1 Qg5 36. Kg2 Nxg3 37. Nxg4 Nxe4 38. Qxf3 Nxc3 39. Qg3 Kf8
40. Nxe5 Qc1 41. Nxc6 Nb1 42. Qb8+ Kg7 43. Qe5+ Kg8 44. c5 Nd2 45. Qg5+ Kh7 46.
Qh4+ Kg7 47. Qg3+ Kf8 48. Qd6+ Kg7 49. Qd4+ Kh7 50. Ne5 bxc5 51. bxc5 Qf1+ 52.
Kh2 Qe1 53. Qh4+ Kg8 54. Qg5+ Kf8 55. Nd7+ Ke8 56. Nf6+ Kf8 57. Nh7+ Ke8 58.
Qg8+ Ke7 59. Qf8+ Ke6 60. Qd6+ Kf5 61. Qf6+ Ke4 62. Ng5+ Kd5 63. Qxf7+ Kxc5 64.
Qxa7+ Kb5 65. Qd7+ Ka5 66. Qd4 Nf1+ 67. Kg2 Nd2 68. Nf3 Qf1+ 69. Kg3 Nc4 70.
Qc5+ Ka6 71. a4 Qd3 72. Qb5+ Ka7 73. a5 Qg6+ 74. Kh2 Qd6+ 75. Kg1 Qg6+ 76. Kf1
Qd3+ 77. Kg2 Ne3+ 0-1

[Event "Prva liga Centralne Srbije 2010"]
[Site "Valjevo"]
[Date "2010.09.25"]
[Round "10.3"]
[White "Lapcevic, Milos"]
[Black "Adzic, Momcilo"]
[Result "1/2-1/2"]
[WhiteElo "2421"]
[BlackElo "2269"]
[PlyCount "149"]
[EventDate "2010.09.18"]

1. d4 d5 2. c4 e6 3. Nc3 Nf6 4. Bg5 Be7 5. e3 O-O 6. Nf3 c6 7. Qc2 Nbd7 8. Rd1
Re8 9. a3 a5 10. Bd3 h6 11. Bh4 dxc4 12. Bxc4 Nd5 13. Bxe7 Qxe7 14. O-O b6 15.
Ba2 Nxc3 16. Qxc3 c5 17. d5 exd5 18. Bxd5 Rb8 19. Bc6 Rf8 20. e4 Nf6 21. e5 Ne8
22. Rfe1 Nc7 23. Qd3 Ne6 24. Qd6 Qa7 25. Be4 Bb7 26. Bxb7 Qxb7 27. Qd7 b5 28.
Qxb7 Rxb7 29. Nd2 Rd8 30. Nb3 Rxd1 31. Rxd1 a4 32. Na5 Rc7 33. Rd5 c4 34. Rxb5
c3 35. bxc3 Rxc3 36. g3 g5 37. Rb4 Rxa3 38. Nc4 Ra1+ 39. Kg2 Nc5 40. Nd6 Nd3
41. Rb8+ Kg7 42. Kf3 Nxe5+ 43. Ke4 Nd7 44. Rd8 Re1+ 45. Kd5 Nf6+ 46. Kc4 Kg6
47. Ra8 Ne4 48. Nxe4 Rxe4+ 49. Kd3 Rb4 50. h3 h5 51. Ra6+ f6 52. Ra5 h4 53. Ke2
hxg3 54. fxg3 Rb3 55. Kf2 a3 56. Kg2 Kf7 57. Ra6 f5 58. Kf2 Kg7 59. Kg2 f4 60.
gxf4 gxf4 61. h4 Rg3+ 62. Kf2 Rh3 63. Kg2 Rg3+ 64. Kf2 Rb3 65. Kg2 Kh7 66. Kf2
Rh3 67. Kg2 Rb3 68. Kf2 Rg3 69. h5 Kg7 70. Ra4 Rh3 71. Kg2 Rb3 72. Rxf4 Rb2+
73. Kg3 Rb3+ 74. Kg2 Kh6 75. Rf5 1/2-1/2

[Event "Prva liga Centralne Srbije 2010"]
[Site "Valjevo"]
[Date "2010.09.25"]
[Round "10.3"]
[White "Organdziev, Oliver"]
[Black "Rasic, Goran"]
[Result "1/2-1/2"]
[WhiteElo "2321"]
[BlackElo "2219"]
[PlyCount "175"]
[EventDate "2010.09.18"]

1. e4 c5 2. Nf3 Nc6 3. Bb5 g6 4. Bxc6 bxc6 5. O-O Nf6 6. e5 Nd5 7. d3 Bg7 8.
Nbd2 O-O 9. Ne4 d6 10. c4 Nc7 11. exd6 exd6 12. Bg5 f6 13. Bf4 Ne8 14. Qa4 f5
15. Nc3 Bd7 16. Rfe1 Bf6 17. Bh6 Ng7 18. Qc2 Re8 19. Rxe8+ Qxe8 20. Re1 Ne6 21.
Nd5 cxd5 22. cxd5 Qc8 23. dxe6 Bxe6 24. b3 Qd7 25. d4 cxd4 26. Qd2 a5 27. Bg5
Bg7 28. Nxd4 Bf7 29. Re7 Qc8 30. h4 a4 31. b4 Qc4 32. Nf3 Qxa2 33. Qxd6 Qd5 34.
Qb6 a3 35. Bf6 a2 36. Re1 a1=Q 37. Rxa1 Rxa1+ 38. Bxa1 Bxa1 39. Qb8+ Kg7 40. b5
Qd7 41. b6 Bd5 42. Ne5 Qe7 43. Qc7 Kf8 44. Nd7+ Ke8 45. Qc8+ Qd8 46. b7 Bxb7
47. Qxb7 Bd4 48. Nb8 Qxh4 49. Qc8+ Kf7 50. Qc7+ Kg8 51. g3 Qe4 52. Qc8+ Kg7 53.
Qc7+ Kh6 54. Qc1+ g5 55. Qc6+ Qxc6 56. Nxc6 Bc5 57. Ne5 Bd4 58. Nd3 Kg6 59. Kg2
h5 60. Kf3 Kf6 61. Kg2 Ke6 62. Kf3 Kd5 63. Ne1 Bc5 64. Ng2 Ke5 65. Ke2 Ke4 66.
Ne1 Be7 67. Nf3 Bf6 68. Nd2+ Kd4 69. Nf3+ Kd5 70. Ne1 Ke4 71. Nf3 Be7 72. Nd2+
Kd5 73. Nf3 h4 74. gxh4 gxh4 75. Ng1 Ke4 76. Nh3 Bf6 77. f3+ Kd4 78. Kd2 Be5
79. Ke2 Bg7 80. Kd2 Bh6+ 81. Ke2 Be3 82. Ke1 Kd3 83. Kf1 Bd2 84. Kg2 Ke2 85. f4
Bc1 86. Ng1+ Ke3 87. Nf3 h3+ 88. Kg3 1/2-1/2

[Event "Prva liga Centralne Srbije 2010"]
[Site "Valjevo"]
[Date "2010.09.25"]
[Round "10.4"]
[White "Milenkovic, Mladen"]
[Black "Misojcic, Miroslav"]
[Result "1-0"]
[WhiteElo "2406"]
[BlackElo "2248"]
[PlyCount "89"]
[EventDate "2010.09.18"]

1. e4 c5 2. Nf3 Nc6 3. d4 cxd4 4. Nxd4 Nf6 5. Nc3 e6 6. Ndb5 d6 7. Bf4 e5 8.
Bg5 a6 9. Bxf6 gxf6 10. Na3 b5 11. Nd5 Bg7 12. c3 f5 13. exf5 Bxf5 14. Nc2 O-O
15. Nce3 Be6 16. Bd3 f5 17. Qh5 e4 18. Bc2 Ne7 19. Rd1 Nxd5 20. Nxd5 Be5 21. f4
exf3 22. Qxf3 Kh8 23. O-O Ra7 24. Nf4 Bc8 25. Bb3 Rg7 26. g3 Re8 27. Rf2 a5 28.
Qh5 Rf8 29. Kg2 a4 30. Bd5 a3 31. bxa3 Bxc3 32. Rc2 Be5 33. Nd3 Bd4 34. Nf4 Be5
35. Rdc1 Bd7 36. Ne6 Bxe6 37. Bxe6 Rg5 38. Qf3 Qb6 39. Rc8 Rxc8 40. Rxc8+ Kg7
41. Rg8+ Kf6 42. Rxg5 Kxg5 43. Qxf5+ Kh6 44. Qf8+ Kg6 45. Bf5+ 1-0

[Event "Prva liga Centralne Srbije 2010"]
[Site "Valjevo"]
[Date "2010.09.25"]
[Round "10.4"]
[White "Dezelin, Milan"]
[Black "Lazic, Zeljko"]
[Result "1/2-1/2"]
[WhiteElo "2273"]
[BlackElo "2183"]
[PlyCount "21"]
[EventDate "2010.09.18"]

1. d4 g6 2. Nf3 Bg7 3. c4 d6 4. g3 Nf6 5. Bg2 O-O 6. O-O Nc6 7. Nc3 Bf5 8. Nh4
Bd7 9. Nf3 Bf5 10. Nh4 Bd7 11. Nf3 1/2-1/2

[Event "Prva liga Centralne Srbije 2010"]
[Site "Valjevo"]
[Date "2010.09.25"]
[Round "10.4"]
[White "Tomic, Miroslav Lj"]
[Black "Milosevic, Aleksandar"]
[Result "1/2-1/2"]
[WhiteElo "2159"]
[BlackElo "2254"]
[PlyCount "87"]
[EventDate "2010.09.18"]

1. d4 Nf6 2. Nf3 e6 3. Bg5 h6 4. Bh4 d6 5. e3 g5 6. Bg3 Ne4 7. Bd3 Nxg3 8. hxg3
Bg7 9. c3 a6 10. Nbd2 Nd7 11. Qc2 b6 12. Be4 Ra7 13. Nb3 Qe7 14. O-O-O Nf6 15.
Bc6+ Kf8 16. Nbd2 Bd7 17. Bxd7 Nxd7 18. Nh2 Qf6 19. f4 gxf4 20. gxf4 Qg6 21. g4
Qxc2+ 22. Kxc2 Ke7 23. Nhf3 Raa8 24. Rh3 Nf6 25. Rh4 c5 26. Kd3 cxd4 27. exd4
Rag8 28. Rdh1 Nd5 29. Ke4 f5+ 30. gxf5 Nf6+ 31. Kd3 exf5 32. Nc4 Nd5 33. Re1+
Kd7 34. Ne3 Nxe3 35. Rxe3 h5 36. d5 Bf6 37. Rh1 Rg4 38. Re6 Rxf4 39. Rxf6 Rxf3+
40. Ke2 Rf4 41. Rf7+ Kc8 42. Ra7 Rh6 43. Ke3 Rg4 44. Rf7 1/2-1/2

[Event "Prva liga Centralne Srbije 2010"]
[Site "Valjevo"]
[Date "2010.09.25"]
[Round "10.4"]
[White "Cvetanovic, Uros"]
[Black "Merdovic, Miroljub"]
[Result "1-0"]
[WhiteElo "2218"]
[BlackElo "2176"]
[PlyCount "55"]
[EventDate "2010.09.18"]

1. Nc3 c6 2. e4 d6 3. d4 Qc7 4. f4 Nd7 5. Nf3 Nb6 6. Bd3 g6 7. O-O Bg7 8. h3
Nf6 9. Qe1 Be6 10. Ng5 Bc4 11. Bxc4 Nxc4 12. e5 Ng8 13. f5 Nh6 14. f6 Bf8 15.
e6 O-O-O 16. exf7 exf6 17. Rxf6 Nf5 18. Qe6+ Kb8 19. Qxc4 d5 20. Qf1 Qb6 21.
Ne6 Rd7 22. Bf4+ Ka8 23. Be5 Ne3 24. Qe2 Bh6 25. f8=Q+ Bxf8 26. Rxf8+ Rxf8 27.
Nxf8 Rf7 28. Qxe3 1-0

[Event "Prva liga Centralne Srbije 2010"]
[Site "Valjevo"]
[Date "2010.09.25"]
[Round "10.5"]
[White "Bojkov, Dejan"]
[Black "Kojovic, Dragan"]
[Result "1-0"]
[WhiteElo "2552"]
[BlackElo "2388"]
[PlyCount "57"]
[EventDate "2010.09.18"]

1. e4 c5 2. Nf3 d6 3. Bb5+ Nd7 4. d4 Ngf6 5. Nc3 a6 6. Bxd7+ Nxd7 7. O-O e6 8.
Bg5 Qc7 9. d5 e5 10. a4 b6 11. Nd2 h6 12. Bh4 g6 13. Nc4 Bg7 14. Ra3 Rb8 15.
Rb3 Nf6 16. f4 exf4 17. Nxd6+ Kf8 18. e5 Bg4 19. Qe1 Nd7 20. Rxf4 Nxe5 21. Nxf7
Nxf7 22. Rxg4 Bd4+ 23. Bf2 Re8 24. Qd2 Bxf2+ 25. Qxf2 Kg7 26. Ne4 Ne5 27. Qf6+
Kh7 28. Ng5+ Kg8 29. Ne6 1-0

[Event "Prva liga Centralne Srbije 2010"]
[Site "Valjevo"]
[Date "2010.09.25"]
[Round "10.5"]
[White "Solomunovic, Igor"]
[Black "Ristic, Nebojsa M"]
[Result "1/2-1/2"]
[WhiteElo "2406"]
[BlackElo "2377"]
[PlyCount "87"]
[EventDate "2010.09.18"]

1. d4 c5 2. d5 d6 3. e4 Nf6 4. Nc3 g6 5. Nf3 a6 6. a4 Bg4 7. Be2 Bxf3 8. Bxf3
Nbd7 9. O-O Bg7 10. Be2 O-O 11. Bg5 Ne8 12. f4 Nc7 13. Bf3 Rb8 14. e5 f6 15.
exf6 exf6 16. Bh4 b5 17. axb5 axb5 18. b4 g5 19. Be1 f5 20. Rb1 g4 21. Be2 c4
22. Rf2 Ra8 23. Bf1 Nb6 24. Qc1 Bd4 25. Ne2 Bxf2+ 26. Bxf2 Nbxd5 27. g3 Qe7 28.
Qd2 Nf6 29. Nc3 Ne4 30. Nxe4 fxe4 31. Re1 Rae8 32. Bd4 Nd5 33. Bg2 Nf6 34. f5
d5 35. Ra1 e3 36. Qe2 Qxb4 37. Bxd5+ Kh8 38. Be6 Qd2 39. Qxe3 Qxe3+ 40. Bxe3
Ra8 41. Rb1 Rab8 42. Ra1 Ra8 43. Rb1 Rab8 44. Ra1 1/2-1/2

[Event "Prva liga Centralne Srbije 2010"]
[Site "Valjevo"]
[Date "2010.09.25"]
[Round "10.5"]
[White "Djokic, Nenad"]
[Black "Vratonjic, Slobo"]
[Result "1/2-1/2"]
[WhiteElo "2374"]
[BlackElo "2404"]
[PlyCount "30"]
[EventDate "2010.09.18"]

1. d4 Nf6 2. Nf3 e6 3. c4 Bb4+ 4. Bd2 Qe7 5. g3 Nc6 6. Bg2 Bxd2+ 7. Nbxd2 d6 8.
e4 e5 9. d5 Nb8 10. h3 a5 11. O-O Na6 12. Ne1 Nc5 13. b3 h5 14. a3 h4 15. g4
Ncd7 1/2-1/2

[Event "Prva liga Centralne Srbije 2010"]
[Site "Valjevo"]
[Date "2010.09.25"]
[Round "10.5"]
[White "Rabrenovic, Vladan"]
[Black "Stankovic, Dragan P"]
[Result "1-0"]
[WhiteElo "2384"]
[BlackElo "2287"]
[PlyCount "79"]
[EventDate "2010.09.18"]

1. d4 Nf6 2. c4 g6 3. Nc3 d5 4. cxd5 Nxd5 5. Bd2 Bg7 6. e4 Nb6 7. Be3 O-O 8.
Nf3 Bg4 9. Be2 Bxf3 10. gxf3 Nc6 11. d5 Ne5 12. Qb3 Qc8 13. h4 a5 14. a4 Re8
15. Rc1 Qd8 16. f4 Ned7 17. Nb5 c6 18. dxc6 bxc6 19. Rxc6 Rc8 20. Rc2 Rxc2 21.
Qxc2 Qb8 22. b3 Rc8 23. Bc4 Nxc4 24. bxc4 Nc5 25. h5 Qb7 26. f3 Qd7 27. Ke2 Qe6
28. hxg6 hxg6 29. Kf2 Na6 30. c5 Nb4 31. Qd2 Qb3 32. Qd7 Rf8 33. c6 Qc2+ 34.
Kg3 Nxc6 35. Rc1 Qb3 36. Bc5 Nb8 37. Qxe7 Na6 38. Bd4 Bxd4 39. Nxd4 Qxa4 40.
Qf6 1-0

[Event "Prva liga Centralne Srbije 2010"]
[Site "Valjevo"]
[Date "2010.09.25"]
[Round "10.5"]
[White "Djoric, Dusan"]
[Black "Sredojevic, Ivan"]
[Result "0-1"]
[WhiteElo "2300"]
[BlackElo "2390"]
[PlyCount "82"]
[EventDate "2010.09.18"]

1. e4 c5 2. Nf3 e6 3. d4 cxd4 4. Nxd4 Nf6 5. Nc3 d6 6. Be2 a6 7. a4 Be7 8. a5
O-O 9. Be3 Nbd7 10. Nb3 b5 11. axb6 Nxb6 12. O-O Qc7 13. Bd3 Rb8 14. Qe2 d5 15.
exd5 Nbxd5 16. Nxd5 Nxd5 17. Bd2 Bf6 18. Qe4 g6 19. Rfb1 Bb7 20. Qc4 Qe7 21.
Qc5 Qd7 22. Qc4 Nb6 23. Qf4 Qc6 24. Qf3 Qxf3 25. gxf3 Bxf3 26. Nc5 Rbc8 27.
Rxa6 Rxc5 28. Rxb6 Rd8 29. Bf4 Rd4 30. Bh6 Rc8 31. Be3 Rg4+ 32. Kf1 Rg2 33. Rc1
Rxh2 34. Ke1 h5 35. Kd2 h4 36. Bf4 Rg2 37. Ke3 Ba8 38. Ra1 h3 39. Rh1 g5 40.
Bd6 Rg4 41. f3 Bd4+ 0-1

[Event "Prva liga Centralne Srbije 2010"]
[Site "Valjevo"]
[Date "2010.09.25"]
[Round "10.5"]
[White "Lazic, Dragoljub"]
[Black "Obradovic, Blazimir"]
[Result "1/2-1/2"]
[WhiteElo "2319"]
[BlackElo "2194"]
[PlyCount "77"]
[EventDate "2010.09.18"]

1. e4 e6 2. d4 d5 3. Nd2 Nf6 4. e5 Ng8 5. Bd3 b6 6. c3 Qd7 7. Ne2 Ba6 8. Bc2 c5
9. O-O Nc6 10. Nf3 cxd4 11. cxd4 Nge7 12. Re1 h6 13. h4 O-O-O 14. Ng3 Kb8 15.
a3 Rc8 16. Bd2 Rc7 17. b4 Bc4 18. a4 Nc8 19. Rb1 Nd8 20. Nf1 a6 21. Ne3 b5 22.
h5 Nb6 23. a5 Nc8 24. g3 Ne7 25. Ng2 Nec6 26. Nf4 Be7 27. Nd3 Bxd3 28. Bxd3 Nb7
29. Qe2 Na7 30. Nh2 Rhc8 31. f4 Nd8 32. Nf3 Ka8 33. g4 Qe8 34. f5 Qf8 35. Rb3
Rc4 36. Reb1 Ndc6 37. Bxc4 bxc4 38. R3b2 Nb5 39. Qe3 1/2-1/2

[Event "Prva liga Centralne Srbije 2010"]
[Site "Valjevo"]
[Date "2010.09.25"]
[Round "10.6"]
[White "Rusev, Krasimir"]
[Black "Milanovic, Slavisa"]
[Result "0-1"]
[WhiteElo "2524"]
[BlackElo "2389"]
[PlyCount "90"]
[EventDate "2010.09.18"]

1. d4 e6 2. Nf3 Nf6 3. g3 b6 4. c4 Bb7 5. Bg2 Bb4+ 6. Bd2 Be7 7. O-O O-O 8. Nc3
Ne4 9. d5 f5 10. Qc2 Nxc3 11. Bxc3 Bf6 12. Rad1 Bxc3 13. Qxc3 Qe7 14. dxe6 dxe6
15. Ne5 Bxg2 16. Kxg2 Na6 17. Qe3 Nc5 18. b4 Ne4 19. f3 Nf6 20. a3 c5 21. bxc5
bxc5 22. Nc6 Qb7 23. Qxc5 Rfe8 24. Ne5 Rac8 25. Qd6 Ng4 26. Nxg4 fxg4 27. Rd4
gxf3+ 28. exf3 e5 29. Re4 Rcd8 30. Qb4 Qc6 31. Qc3 Rc8 32. Rd1 Qb7 33. Qb4 Rb8
34. Qxb7 Rxb7 35. Rd5 Rb2+ 36. Kh3 Rb3 37. Ra5 Rxf3 38. Rxa7 Rc3 39. Rg4 g6 40.
Re4 Rc2 41. a4 h5 42. Rd7 g5 43. Rd5 Kf7 44. Rdxe5 Rxe5 45. Rxe5 Kf6 0-1

[Event "Prva liga Centralne Srbije 2010"]
[Site "Valjevo"]
[Date "2010.09.25"]
[Round "10.6"]
[White "Sandic, Vladeta"]
[Black "Radovanovic, Dusan"]
[Result "1/2-1/2"]
[WhiteElo "2331"]
[BlackElo "2387"]
[PlyCount "38"]
[EventDate "2010.09.18"]

1. d4 Nf6 2. c4 g6 3. Nc3 d5 4. Nf3 Bg7 5. Qb3 dxc4 6. Qxc4 O-O 7. e4 Na6 8.
Be2 c5 9. d5 e6 10. O-O exd5 11. exd5 Bf5 12. a3 Re8 13. Bd3 Bxd3 14. Qxd3 Rc8
15. Qc4 Qd7 16. Rd1 Qf5 17. Be3 Ng4 18. Re1 Nxe3 19. fxe3 Bxc3 1/2-1/2

[Event "Prva liga Centralne Srbije 2010"]
[Site "Valjevo"]
[Date "2010.09.25"]
[Round "10.6"]
[White "Zivkovic, Ivan B"]
[Black "Nikolic, Dragovan"]
[Result "1-0"]
[WhiteElo "2327"]
[BlackElo "2296"]
[PlyCount "93"]
[EventDate "2010.09.18"]

1. e4 c5 2. Nf3 Nc6 3. d4 cxd4 4. Nxd4 g6 5. c4 Bg7 6. Be3 Nf6 7. Nc3 O-O 8.
Be2 d6 9. O-O Bd7 10. Nc2 a5 11. f3 a4 12. Qd2 Be6 13. Rab1 Nd7 14. b4 axb3 15.
axb3 f5 16. b4 f4 17. Bf2 Nde5 18. Nd5 Ra2 19. Ra1 Rxa1 20. Rxa1 g5 21. b5 Nb8
22. Ra8 Qe8 23. Nd4 Qf7 24. Nxe6 Qxe6 25. Ra7 Nbd7 26. Rxb7 h5 27. Nc7 Qg6 28.
Qd5+ Kh8 29. Qe6 Nf6 30. Qf5 Qh6 31. Ne6 Rf7 32. Qxg5 Qh7 33. Qf5 Qg8 34. Ng5
Rf8 35. Qe6 Ra8 36. Qxg8+ Kxg8 37. Ra7 Rc8 38. b6 Nfd7 39. b7 Re8 40. Ra8 Nb8
41. c5 dxc5 42. Bxc5 Bf6 43. Ne6 Kf7 44. Nxf4 Bg5 45. Nd5 e6 46. f4 Ned7 47.
Bxh5+ 1-0